000 00491nam a2200181Ia 4500
001 11204
005 20260306161929.0
008 260306t2010||||xx |||||||||||||| ||spa||
041 _aESP
082 _a985.019
_bC52
100 _aChang-Rodriguez, Raquel (ed.)
_eAUT
245 0 _aEntre la espada y la pluma:
_bel Inca Garcilazo de la Vega y sus comentarios reales
260 _c2010
300 _a242 páginas :
_c25 cm.
650 _aGEN
654 _aCHU
942 _cLIB
_dJUS
_fJUS
_2ddc
_n
999 _c11204
_d11204